Bilancie bánk po finančnej kríze a dôsledky na riadenie rizika diplomová práca

Salvato in:
Dettagli Bibliografici
Autore principale: Trnková, Chiara
Ente Autore: Národohospodárska fakulta EU. Katedra financií
Altri autori: Gertler, Ľubomíra, 1977-
Natura: Libro
Lingua:slovacco
Pubblicazione: Bratislava 2021
Tags: Aggiungi Tag
Nessun Tag, puoi essere il primo ad aggiungerne!!

MARC

LEADER 00000nbm a2200000 4500
001 0274307
005 20220104093100.9
041 0 |a slo 
044 |a SK 
245 1 0 |a Bilancie bánk po finančnej kríze a dôsledky na riadenie rizika  |b diplomová práca  |c Chiara Trnková ; školiteľ: Ľubomíra Gertler 
264 1 |a Bratislava  |c 2021 
300 |a 68 s. 
100 1 |a Trnková, Chiara 
700 1 |a Gertler, Ľubomíra, 1977- 
710 2 |a Národohospodárska fakulta EU. Katedra financií